<?xml version="1.0" encoding="UTF-8"?>
<collection xmlns="http://www.loc.gov/MARC21/slim">
 <record>
  <leader>01634nam a2200217Ia 4500</leader>
  <controlfield tag="001">CTU_209625</controlfield>
  <controlfield tag="008">210402s9999    xx            000 0 und d</controlfield>
  <datafield tag="082" ind1=" " ind2=" ">
   <subfield code="a">332.71</subfield>
  </datafield>
  <datafield tag="082" ind1=" " ind2=" ">
   <subfield code="b">Đ108</subfield>
  </datafield>
  <datafield tag="088" ind1=" " ind2=" ">
   <subfield code="a">60340201</subfield>
  </datafield>
  <datafield tag="100" ind1=" " ind2=" ">
   <subfield code="a">Nguyễn, Thị Huỳnh Đào</subfield>
  </datafield>
  <datafield tag="245" ind1=" " ind2="0">
   <subfield code="a">Phân tích các yếu tố ảnh hưởng đến khả năng tiếp cận tín dụng của nông hộ từ hệ thống quỹ tín dụng nhân dân cơ sở ở An Giang :</subfield>
  </datafield>
  <datafield tag="245" ind1=" " ind2="0">
   <subfield code="b">Luận văn tốt nghiệp cao học. Chuyên ngành Tài chính ngân hàng</subfield>
  </datafield>
  <datafield tag="245" ind1=" " ind2="0">
   <subfield code="c">Nguyễn Thị Huỳnh Đào ; Nguyễn Tri Khiêm (Cán bộ hướng dẫn)</subfield>
  </datafield>
  <datafield tag="260" ind1=" " ind2=" ">
   <subfield code="a">Cần Thơ</subfield>
  </datafield>
  <datafield tag="260" ind1=" " ind2=" ">
   <subfield code="b">Trường Đại học Cần Thơ</subfield>
  </datafield>
  <datafield tag="260" ind1=" " ind2=" ">
   <subfield code="c">2016</subfield>
  </datafield>
  <datafield tag="520" ind1=" " ind2=" ">
   <subfield code="a">Phân tích thực trạng vay vốn từ hệ thống quỹ tín dụng của nông hộ ở địa bàn tỉnh An Giang thời gian qua; Phân tích các nhân tố ảnh hưởng đến khả năng tiếp cận tín dụng của nông hộ từ hệ thống Quỹ tín dụng nhân dân cơ sở ở An Giang; Đưa ra những giải pháp nâng cao khả năng tiếp cận tín dụng của nông hộ từ hệ thống Quỹ tín dụng nhân dân cơ sở ở An Giang. Đồng thời giúp nông hộ có điều kiện vay vốn tốt hơn</subfield>
  </datafield>
  <datafield tag="650" ind1=" " ind2=" ">
   <subfield code="a">Tín dụng nông nghiệp,Agricultural credit</subfield>
  </datafield>
  <datafield tag="904" ind1=" " ind2=" ">
   <subfield code="i">Huỳnh Nhựt Tân (Nguyên)</subfield>
  </datafield>
  <datafield tag="980" ind1=" " ind2=" ">
   <subfield code="a">Trung tâm Học liệu Trường Đại học Cần Thơ</subfield>
  </datafield>
 </record>
</collection>
